书目信息 |
| 题名: |
食品营养与消费
|
|
| 作者: | 杨昌举 编著 | |
| 分册: | ||
| 出版信息: | 北京 新时代出版社 1995.07 |
|
| 页数: | 389页 | |
| 开本: | 20cm | |
| 丛书名: | ||
| 单 册: | ||
| 中图分类: | TS201.4 | |
| 科图分类: | ||
| 主题词: | 食品工业 | |
| 电子资源: | ||
| ISBN: | 7-5042-0272-X | |
| 000 | 00553nam0 2200193 450 | |
| 001 | 0834215908 | |
| 005 | 20080109093205.68 | |
| 010 | @a7-5042-0272-X@dCNY14.70 | |
| 100 | @a20080109d1995 km y0chiy0120 ea | |
| 101 | 0 | @achi |
| 102 | @aCN@b110000 | |
| 200 | 1 | @a食品营养与消费@Ashi pin ying yang yu xiao fei@f杨昌举编著@Fyang chang ju bian zhu |
| 210 | @a北京@c新时代出版社@d1995.07 | |
| 215 | @a389页@d20cm | |
| 606 | 0 | @a食品工业 |
| 690 | @aTS201.4@v4 | |
| 701 | 0 | @a杨昌举@Ayang chang ju@4编著 |
| 801 | 0 | @aCN@bPFT@c20080109 |
| 905 | @aBZT@dTS201.4@e161 | |
| 食品营养与消费/杨昌举编著.-北京:新时代出版社,1995.07 |
| 389页;20cm |
| ISBN 7-5042-0272-X:CNY14.70 |
| ● |
| 相关链接 |
|
|
|
正题名:食品营养与消费
索取号:TS201.4/161
 
预约/预借
| 序号 | 登录号 | 条形码 | 馆藏地/架位号 | 状态 | 备注 |
| 1 | 065892 | 200937692 | 中心书库中库/ 中库025架A面2列4层38/ [索取号:TS201.4/161] | 在馆 | |
| 2 | 065893 | 200937861 | 中心书库中库/ 中库025架A面2列4层24/ [索取号:TS201.4/161] | 在馆 |